| 000 | 00000nam##2200000za#4500 |
| 001 | 9.699506 |
| 003 | CaOODSP |
| 005 | 20210625000418 |
| 007 | cr ||||||||||| |
| 008 | 150407|2002||||xxc|||||o f|0| 0 eng|d |
| 040 | |aCaOODSP|beng |
| 043 | |an-cn--- |
| 086 | 1 |aR74-16/2002E-PDF |
| 110 | 1 |aCanada.|bIndian and Northern Affairs. |bWater Resources Division. |
| 245 | 10|aPeel River Basin water quality report / |h[electronic resource]|c[by] Andrea Czarnecki and Roxanne Beavers. |
| 246 | 1 |aPeel River water quality, results and discussion |
| 260 | |aYellowknife - Northwest Territories : |bIndian and Northern Affairs. |cMarch 2002. |
| 300 | |a58p.|bgraphs, maps, references, tables, photographs |
| 500 | |a"Water quality review (1980-1998) at Peel River above Fort McPherson ; winter water quality and flow throughout the Peel River Basin, March 1999."--Cover. |
| 590 | |a15-02-Supp|b2015-02-16 |
| 690 | 07|aWater quality|2gcpds |
| 775 | 08|tRapport sur la qualité de l'eau du bassin de la rivière Peel / |w(CaOODSP)9.643541 |
| 856 | 40|ahttp://publications.gc.ca|qPDF|s616 KB|uhttps://publications.gc.ca/collections/collection_2014/aadnc-aandc/R74-16-2002-eng.pdf |